En mémoire de Gorée (Record no. 866)

MARC details
000 -LEADER
campo de control de longitud fija 00443nam a22001457a 4500
008 - DATOS DE LONGITUD FIJA--INFORMACIÓN GENERAL
campo de control de longitud fija 160224b xxu||||| |||| 00| 0 eng d
082 ## - NÚMERO DE LA CLASIFICACIÓN DECIMAL DEWEY
Número de clasificación 708
Número de ítem B959m
100 ## - ENTRADA PRINCIPAL--NOMBRE DE PERSONA
Nombre de persona Alex Burke
9 (RLIN) 4774
245 ## - MENCIÓN DEL TÍTULO
Título En mémoire de Gorée
Mención de responsabilidad, etc. Alex Burke
260 ## - PUBLICACIÓN, DISTRIBUCIÓN, ETC.
Lugar de publicación, distribución, etc. Nantes
Nombre del editor, distribuidor, etc. le Temple du goût
Fecha de publicación, distribución, etc. 1998
300 ## - DESCRIPCIÓN FÍSICA
Extensión 50 pag
Otras características físicas ill.
Dimensiones 24 cm.
600 ## - PUNTO DE ACCESO ADICIONAL DE MATERIA--NOMBRE DE PERSONA
Nombre de persona Alex Burke
9 (RLIN) 4775
650 ## - PUNTO DE ACCESO ADICIONAL DE MATERIA--TÉRMINO DE MATERIA
Término de materia o nombre geográfico como elemento de entrada Exhibición
Subdivisión de forma Catalogo
Subdivisión cronológica Descripción de viajes
Subdivisión geográfica Senegal
9 (RLIN) 4776
700 ## - ENTRADA AGREGADA--NOMBRE PERSONAL
Nombre de persona Alex Burke
9 (RLIN) 4777
Holdings
Estatus retirado Estado de pérdida Fuente del sistema de clasificación o colocación Estado de daño No para préstamo Biblioteca de origen Biblioteca actual Ubicación en estantería Fecha de adquisición Total de préstamos Signatura topográfica completa Código de barras Visto por última vez Precio de reemplazo Tipo de ítem Koha
    Clasificación Decimal Dewey     Biblioteca LadoV Biblioteca LadoV   24/02/2016   708 B959m 000664 24/02/2016 24/02/2016 Material 01